00445nam a22001217a 4500008004100000050002000041100002800061245013800089260001800227300003200245521002300277650002300300181012b xxu||||| |||| 00| 0 eng d aHD 82 .N58 2011 aKariuki Njuguna Francis aFactors affecting implementation of the economic stimulus improvement projects in kenya.bA survey of selected projects in Nairobi/ aKenya.c2011. axiii,46p. :bIll , ;c30cm. aExecutive masters. aeconomic stimulus